Statistics for Pokémon starting with a J (generation 1-7)

Click here to take the quiz!

General Stats

  • This quiz has been taken 6 times
  • The average score is 6 of 8

Answer Stats

GenPokémon% Correct
1Jolteon
100%
5Joltik
100%
3Jirachi
83%
7Jangmo-o
67%
5Jellicent
67%
1Jigglypuff
67%
2Jumpluff
67%
1Jynx
67%

Score Distribution

Percentile by Number Answered

Percent of People with Each Score

Your Score History

You have not taken this quiz